[Event "?"]
[Site "ICC 5 0 09/27/97, Internet Ch"]
[Date "1997.??.??"]
[Round "?"]
[White "evbad"]
[Black "Rookco"]
[Result "1-0"]
[WhiteElo "2530"]
[BlackElo "2455"]
[PlyCount "59"]

1. e4 e5 2. Nf3 Nc6 3. Nc3 Nf6 4. Nxe5 Nxe5 5. d4 Ng6 6. e5 Ng8 7. Bc4 d5 8.
Bxd5 c6 9. Be4 Be6 10. O-O Qd7 11. f4 N8e7 12. Be3 Bd5 13. Nxd5 cxd5 14. Bd3
Nf5 15. Bc1 Nxd4 16. Bxg6 hxg6 17. Qxd4 Rc8 18. Qd3 Bc5+ 19. Kh1 Ke7 20. f5
gxf5 21. Bg5+ f6 22. exf6+ gxf6 23. Rae1+ Kf7 24. Rxf5 Bd4 25. c3 Rce8 26. Ref1
Be5 27. Rxf6+ Bxf6 28. Rxf6+ Kg8 29. Qg6+ Qg7 30. Qxe8+ 1-0

[Event "?"]
[Site "ICC 5 0 09/09/97, Internet Ch"]
[Date "1997.??.??"]
[Round "?"]
[White "evbad"]
[Black "ELOPLAYER"]
[Result "0-1"]
[WhiteElo "2380"]
[BlackElo "2360"]
[PlyCount "70"]

1. e4 e5 2. Nf3 Nc6 3. Nc3 Nf6 4. Nxe5 Nxe5 5. d4 Ng6 6. e5 Ng8 7. Bc4 Bb4 8.
O-O Bxc3 9. bxc3 N8e7 10. f4 d5 11. Bd3 Bf5 12. Bxf5 Nxf5 13. g4 Nh6 14. f5 Nh4
15. f6 Kf8 16. Bxh6 gxh6 17. Qd2 Ng6 18. Qxh6+ Ke8 19. Rae1 Kd7 20. e6+ fxe6
21. Qg7+ Kc8 22. Rxe6 Qd7 23. Re7 Qd6 24. Rf5 b6 25. Rfe5 Kb7 26. R7e6 Qd8 27.
f7 Nxe5 28. dxe5 Rf8 29. Rf6 Qe7 30. e6 Qc5+ 31. Kg2 d4 32. cxd4 Qxd4 33. e7
Qe4+ 34. Rf3 Qxe7 35. Qxh7 Rad8 0-1

[Event "?"]
[Site "ICC 5 0 09/09/97, Internet Ch"]
[Date "1997.??.??"]
[Round "?"]
[White "evbad"]
[Black "agrino"]
[Result "0-1"]
[WhiteElo "2390"]
[BlackElo "2420"]
[PlyCount "130"]

1. e4 e5 2. Nf3 Nc6 3. Nc3 Nf6 4. Nxe5 Nxe5 5. d4 Nc6 6. d5 Ne5 7. f4 Bd6 8.
fxe5 Bxe5 9. Bd3 d6 10. Bg5 h6 11. Bh4 O-O 12. Qd2 c6 13. O-O-O Qa5 14. Kb1 Bg4
15. Ne2 Qxd2 16. Rxd2 Rfe8 17. h3 Bd7 18. c4 c5 19. Bg3 a6 20. Rf1 b5 21. b3
Rab8 22. Bxe5 Rxe5 23. Ng3 Rbe8 24. Rdf2 Rg5 25. Rf3 b4 26. Kc2 a5 27. R1f2 Ra8
28. Nf5 Bxf5 29. exf5 Re8 30. Rf4 Re3 31. R4f3 Rxf3 32. gxf3 Rg3 33. h4 Rh3 34.
Re2 Kf8 35. Kb2 Rxh4 36. a3 Nd7 37. axb4 axb4 38. Re1 Ne5 39. Be4 Rh2+ 40. Kb1
h5 41. f6 gxf6 42. f4 Ng4 43. Bf5 Rf2 44. Rh1 Rh2 45. Re1 Rf2 46. Rh1 Nh2 47.
Kc1 h4 48. Bc8 Nf3 49. Bg4 Nd4 50. Rxh4 Rxf4 51. Rh8+ Kg7 52. Rd8 Rxg4 53. Rxd6
Nxb3+ 54. Kb2 Na5 55. Rd8 Nxc4+ 56. Kb3 Na5+ 57. Ka4 b3+ 58. Kxa5 b2 59. Rb8
Rb4 60. Rxb4 cxb4 61. d6 b1=Q 62. d7 Qd3 63. Kxb4 Qxd7 64. Kc5 f5 65. Kc4 f4
0-1

[Event "?"]
[Site "ICC 5 0 09/09/97, Internet Ch"]
[Date "1997.??.??"]
[Round "?"]
[White "evbad"]
[Black "GarryKarpov"]
[Result "1-0"]
[WhiteElo "2365"]
[BlackElo "2215"]
[PlyCount "41"]

1. e4 e5 2. Nf3 Nc6 3. Nc3 Nf6 4. Nxe5 Nxe5 5. d4 Ng6 6. e5 Ng8 7. Bc4 c6 8.
O-O d5 9. Bd3 Be7 10. f4 f5 11. g4 fxg4 12. f5 Nh4 13. Qxg4 Nh6 14. Qh5+ Kd7
15. Bxh6 gxh6 16. f6 Rg8+ 17. Kh1 Kc7 18. Qxh4 Bb4 19. Ne2 Be6 20. c3 Ba5 21.
Nf4 1-0

[Event "?"]
[Site "ICC 5 0 08/28/97, Internet Ch"]
[Date "1997.??.??"]
[Round "?"]
[White "evbad"]
[Black "schimpf"]
[Result "0-1"]
[WhiteElo "2360"]
[BlackElo "2295"]
[PlyCount "56"]

1. e4 e5 2. Nf3 Nc6 3. Nc3 Nf6 4. Nxe5 Nxe5 5. d4 Ng6 6. e5 Ng8 7. Bc4 d6 8.
Qf3 Be6 9. Qxb7 Be7 10. Bxe6 fxe6 11. Qc6+ Kf8 12. f4 Nh6 13. Qc4 d5 14. Qd3 c5
15. Be3 Nf5 16. O-O-O Nxe3 17. Qxe3 cxd4 18. Qxd4 Nh4 19. g4 h5 20. f5 Nf3 21.
Qf2 hxg4 22. fxe6 Rb8 23. Nxd5 Qa5 24. Kb1 Ba3 25. b3 Ke8 26. Rd3 Rd8 27. Rxf3
Qxd5 28. Re3 Qd1+ 0-1

[Event "?"]
[Site "ICC 5 10 11/13/97, Internet C"]
[Date "1997.??.??"]
[Round "?"]
[White "Brause"]
[Black "honor"]
[Result "1-0"]
[WhiteElo "2400"]
[BlackElo "2120"]
[PlyCount "75"]

1. Nc3 Nf6 2. e4 e5 3. Nf3 Nc6 4. Nxe5 Nxe5 5. d4 Ng6 6. e5 Ng8 7. Bc4 d6 8.
Qf3 Qe7 9. Bb5+ c6 10. Bxc6+ bxc6 11. Qxc6+ Qd7 12. Qxa8 dxe5 13. Be3 exd4 14.
Bxd4 Qxd4 15. Qxc8+ Qd8 16. Qxd8+ Kxd8 17. O-O-O+ Kc8 18. Rd4 Nf6 19. Rhd1 Bc5
20. Rc4 Nd7 21. Ne4 Nge5 22. Rc3 Kb7 23. Nxc5+ Nxc5 24. Rxc5 Ng4 25. Rd7+ Kb6
26. Rcc7 Nxf2 27. Rb7+ Kc6 28. Rdc7+ Kd6 29. Rxf7 Ng4 30. Rbd7+ Ke6 31. Rfe7+
Kf6 32. Rxg7 Nxh2 33. Rxh7 Rxh7 34. Rxh7 Ng4 35. Rxa7 Ne3 36. b4 Nxg2 37. b5
Ne3 38. b6 1-0

[Event "?"]
[Site "ICC 5 10 11/13/97, Internet C"]
[Date "1997.??.??"]
[Round "?"]
[White "Brause"]
[Black "honor"]
[Result "1-0"]
[WhiteElo "2405"]
[BlackElo "2115"]
[PlyCount "45"]

1. Nc3 Nf6 2. e4 e5 3. Nf3 Nc6 4. Nxe5 Nxe5 5. d4 Ng6 6. e5 Qe7 7. f4 d6 8. Be2
dxe5 9. fxe5 Nd7 10. O-O f6 11. Bd3 Ngxe5 12. Nd5 Qd6 13. dxe5 Nxe5 14. Re1 Be7
15. Qh5+ Kd7 16. Rd1 Kc6 17. Be4 Kc5 18. Be3+ Kb5 19. Qe2+ Nc4 20. a4+ Ka5 21.
Bd2+ Ka6 22. Qxc4+ b5 23. Qxb5# 1-0

[Event "?"]
[Site "ICC 5 14 12/04/97, Internet C"]
[Date "1997.??.??"]
[Round "?"]
[White "Brause"]
[Black "Abner"]
[Result "0-1"]
[WhiteElo "2460"]
[BlackElo "2635"]
[PlyCount "101"]

1. e4 Nf6 2. Nc3 e5 3. Nf3 Nc6 4. Nxe5 Nxe5 5. d4 Nc6 6. d5 Ne5 7. f4 Ng6 8. e5
Ng8 9. d6 cxd6 10. exd6 Qa5 11. h4 Qb4 12. Qe2+ Kd8 13. f5 Nf4 14. Qf3 Bxd6 15.
g3 Nh6 16. gxf4 Nxf5 17. Bd3 Re8+ 18. Kd1 g6 19. h5 Qc5 20. Ne4 Qc6 21. hxg6
hxg6 22. Re1 Bc5 23. Bd2 Kc7 24. Qf1 Bd4 25. Bb5 Qb6 26. Rb1 a6 27. Bd3 d5 28.
Nc3 Rd8 29. Qe2 Qc6 30. Qf3 Bf6 31. Kc1 Be6 32. Nd1 a5 33. Nc3 d4 34. Ne4 Bh4
35. Re2 Bd5 36. Qg4 Bc4 37. Bxc4 Qxc4 38. b3 Qc6 39. Kb2 a4 40. Rc1 Be7 41. Ng5
Ne3 42. Qg3 axb3 43. cxb3 Ba3+ 44. Kb1 Bxc1 45. Bxc1 Qc3 46. Rd2 Rxa2 47. Ne6+
fxe6 48. Rxa2 Qxb3+ 49. Ka1 Ra8 50. f5+ Kc6 51. Qg2+ 0-1

[Event "?"]
[Site "ICC r 3 0, Internet Chess Clu"]
[Date "1997.??.??"]
[Round "?"]
[White "Jakob, Steffen"]
[Black "jw"]
[Result "1-0"]
[WhiteElo "1900"]
[BlackElo "1775"]
[PlyCount "47"]

1. e4 e5 2. Nf3 Nc6 3. Nc3 Nf6 4. Nxe5 Nxe5 5. d4 Ng6 6. e5 Ng8 7. Bc4 Bb4 8.
Qf3 Bxc3+ 9. bxc3 Qe7 10. O-O c6 11. a4 Nh6 12. Ba3 Qg5 13. g3 Qf5 14. Qe2 a6
15. Bd6 Ng4 16. f3 Nh6 17. g4 Qg5 18. h3 Nf4 19. Qh2 f6 20. h4 Qg6 21. Qxf4
Qxc2 22. exf6 Qxc3 23. Qe5+ Kd8 24. Qe7# 1-0

[Event "?"]
[Site "ICC u 5 3 10/07/97, Internet "]
[Date "1997.??.??"]
[Round "?"]
[White "Brause"]
[Black "sveshi"]
[Result "1-0"]
[WhiteElo "2470"]
[BlackElo "2595"]
[PlyCount "41"]

1. e4 e5 2. Nf3 Nc6 3. Nc3 Nf6 4. Nxe5 Nxe5 5. d4 Nc6 6. d5 Nb8 7. e5 Ng8 8. d6
Nc6 9. Nb5 cxd6 10. exd6 Bxd6 11. Nxd6+ Kf8 12. Be2 Nf6 13. O-O h6 14. Re1 g6
15. Bc4 Rh7 16. Bxh6+ Kg8 17. Bg5 Kg7 18. Bxf6+ Kxf6 19. Ne8+ Kg5 20. Qd2+ Kh5
21. Be2+ 1-0

[Event "?"]
[Site "ICC u 5 3 10/07/97, Internet "]
[Date "1997.??.??"]
[Round "?"]
[White "Brause"]
[Black "sveshi"]
[Result "1-0"]
[WhiteElo "2470"]
[BlackElo "2595"]
[PlyCount "101"]

1. e4 e5 2. Nf3 Nc6 3. Nc3 Nf6 4. Nxe5 Nxe5 5. d4 Ng6 6. e5 Ng8 7. Bc4 Bb4 8.
Qf3 Qe7 9. O-O Bxc3 10. bxc3 Nh6 11. Bxh6 gxh6 12. Rab1 O-O 13. Qe3 d6 14. exd6
Qxe3 15. fxe3 cxd6 16. Rf6 b6 17. Rxd6 Bf5 18. Bd3 Bxd3 19. cxd3 Rfc8 20. c4
Rc7 21. a4 Kf8 22. Rf1 Re8 23. e4 Ree7 24. Kf2 Nf4 25. Rd1 Re6 26. Rd8+ Re8 27.
Rxe8+ Kxe8 28. g4 f6 29. Kf3 Ng6 30. Ke3 Ke7 31. Rf1 Nh4 32. d5 Ng6 33. Kd4 Ne5
34. d6+ Kxd6 35. Rxf6+ Ke7 36. Rxh6 Nc6+ 37. Kc3 Kf8 38. h3 Kg7 39. Rd6 Ne7 40.
h4 h6 41. h5 Ng8 42. Rg6+ Kh7 43. d4 Rg7 44. Rxg7+ Kxg7 45. e5 Kf7 46. d5 Ne7
47. Kd3 a5 48. Ke4 Nc8 49. d6 Ke6 50. g5 hxg5 51. h6 1-0

[Event "?"]
[Site "ICC u 5 3 10/07/97, Internet "]
[Date "1997.??.??"]
[Round "?"]
[White "Brause"]
[Black "sveshi"]
[Result "0-1"]
[WhiteElo "2470"]
[BlackElo "2595"]
[PlyCount "86"]

1. e4 e5 2. Nf3 Nc6 3. Nc3 Nf6 4. Nxe5 Nxe5 5. d4 Ng6 6. e5 Ng8 7. Bc4 Bb4 8.
Qf3 Qe7 9. O-O Bxc3 10. bxc3 Nh6 11. Bxh6 gxh6 12. Rab1 O-O 13. Qe3 d6 14. exd6
Qxe3 15. fxe3 cxd6 16. Rf6 b6 17. Rxd6 Bf5 18. Rf1 Bxc2 19. Rd7 Nh8 20. Bd5
Rad8 21. Bxf7+ Nxf7 22. Rfxf7 Rxf7 23. Rxd8+ Rf8 24. Rxf8+ Kxf8 25. Kf2 Be4 26.
g4 Ke7 27. Kg3 Kd6 28. Kf4 Bb1 29. a3 Kd5 30. Kf3 b5 31. Kf4 a5 32. h3 a4 33.
h4 Be4 34. h5 Bc2 35. Kf3 Kc4 36. Kf4 Kxc3 37. d5 Bb3 38. d6 Be6 39. Ke5 Bxg4
40. Kf4 Bd7 41. Ke5 b4 42. axb4 Kxb4 43. Kf6 a3 0-1

[Event "?"]
[Site "ICC u 5 0 10/29/97, Internet "]
[Date "1997.??.??"]
[Round "?"]
[White "Brause"]
[Black "Axl"]
[Result "1-0"]
[WhiteElo "2570"]
[BlackElo "2755"]
[PlyCount "21"]

1. e4 e5 2. Nf3 Nc6 3. Nc3 Nf6 4. Nxe5 Nxe5 5. d4 Nc6 6. d5 Ne7 7. e5 Nfg8 8.
d6 Nf5 9. Nb5 cxd6 10. exd6 Nxd6 11. Qe2+ 1-0

[Event "?"]
[Site "ICC u 5 0 10/29/97, Internet "]
[Date "1997.??.??"]
[Round "?"]
[White "Brause"]
[Black "Axl"]
[Result "1-0"]
[WhiteElo "2570"]
[BlackElo "2755"]
[PlyCount "25"]

1. e4 e5 2. Nf3 Nc6 3. Nc3 Nf6 4. Nxe5 Nxe5 5. d4 Ng6 6. e5 Ng8 7. Bc4 d6 8.
Qf3 Be6 9. Qxb7 Rb8 10. Bb5+ Ke7 11. exd6+ Kxd6 12. Qxa7 Rb6 13. Qa3+ 1-0

[Event "?"]
[Site "ICC u 5 0 10/29/97, Internet "]
[Date "1997.??.??"]
[Round "?"]
[White "Brause"]
[Black "Axl"]
[Result "1-0"]
[WhiteElo "2570"]
[BlackElo "2755"]
[PlyCount "43"]

1. e4 e5 2. Nf3 Nc6 3. Nc3 Nf6 4. Nxe5 Nxe5 5. d4 Nc6 6. d5 Bb4 7. dxc6 bxc6 8.
Qd4 Qe7 9. Bd2 c5 10. Qe3 Bb7 11. Bd3 O-O-O 12. O-O Rhe8 13. a3 Bxc3 14. Bxc3
Bxe4 15. Bxf6 gxf6 16. Bxe4 Qxe4 17. Qxc5 Qb7 18. b4 Rg8 19. g3 Rde8 20. Rfe1
Qb6 21. Qh5 Re6 22. Qxf7 1-0

[Event "?"]
[Site "ICC u 5 0 10/29/97, Internet "]
[Date "1997.??.??"]
[Round "?"]
[White "Brause"]
[Black "Axl"]
[Result "1-0"]
[WhiteElo "2570"]
[BlackElo "2755"]
[PlyCount "63"]

1. e4 e5 2. Nf3 Nc6 3. Nc3 Nf6 4. Nxe5 Nxe5 5. d4 Nc6 6. d5 Bb4 7. dxc6 Bxc3+
8. bxc3 dxc6 9. Qxd8+ Kxd8 10. Bd3 Ke7 11. Bg5 h6 12. Bf4 Ne8 13. Rb1 b6 14.
O-O Be6 15. c4 Nd6 16. Rb4 c5 17. Ra4 Rhd8 18. e5 Nf5 19. Be4 Rac8 20. Rxa7 Nd4
21. Bd3 g5 22. Bg3 Nc6 23. Ra3 Nb4 24. f4 Ra8 25. Rxa8 Rxa8 26. f5 Bd7 27. e6
fxe6 28. f6+ Kf7 29. Be2 Na6 30. Bh5+ Kf8 31. f7 Bc6 32. Rf6 1-0

[Event "?"]
[Site "ICC u 5 0 10/29/97, Internet "]
[Date "1997.??.??"]
[Round "?"]
[White "Brause"]
[Black "Axl"]
[Result "1-0"]
[WhiteElo "2570"]
[BlackElo "2755"]
[PlyCount "59"]

1. e4 e5 2. Nf3 Nc6 3. Nc3 Nf6 4. Nxe5 Nxe5 5. d4 Nc6 6. d5 Bb4 7. dxc6 Bxc3+
8. bxc3 dxc6 9. Qxd8+ Kxd8 10. Bd3 Ke7 11. Bg5 h6 12. Bh4 g5 13. Bg3 Ne8 14.
O-O Be6 15. Be5 f6 16. Bd4 b6 17. c4 c5 18. Bc3 Nd6 19. e5 Nxc4 20. exf6+ Kf7
21. Rfe1 Nd6 22. Be2 h5 23. Bf3 Rad8 24. Rad1 g4 25. Bd5 Bxd5 26. Re7+ Kg6 27.
Rg7+ Kf5 28. Rxd5+ Ke6 29. Re5+ Kxf6 30. Rxc5+ 1-0

[Event "?"]
[Site "ICC u 5 0 12/02/97, Internet "]
[Date "1997.??.??"]
[Round "?"]
[White "Brause"]
[Black "Topol"]
[Result "1-0"]
[WhiteElo "2465"]
[BlackElo "2845"]
[PlyCount "187"]

1. e4 e5 2. Nf3 Nc6 3. Nc3 Nf6 4. Nxe5 Nxe5 5. d4 Ng6 6. e5 Bb4 7. exf6 Qxf6 8.
Bc4 O-O 9. O-O c6 10. Ne4 Qh4 11. Bd3 d5 12. Bg5 Qg4 13. f3 Qd7 14. Nf2 Qc7 15.
g3 Bd6 16. Kh1 Bd7 17. Qd2 Rae8 18. Rae1 a6 19. Qc3 Bc8 20. Rxe8 Rxe8 21. Re1
Rxe1+ 22. Qxe1 Qd7 23. Bd2 Qe6 24. Qxe6 Bxe6 25. a4 Ne7 26. a5 Bf5 27. g4 Bxd3
28. Nxd3 f6 29. Nc5 Bxc5 30. dxc5 Kf7 31. Kg2 f5 32. Kg3 Ke6 33. Be3 Ng8 34.
Kf4 fxg4 35. fxg4 Ne7 36. Bd4 g6 37. Kg5 Ng8 38. Kf4 Ne7 39. b3 Ng8 40. h3 Nh6
41. h4 Nf7 42. g5 Nd8 43. c3 Nf7 44. Bg7 Kd7 45. Bf6 Kc8 46. Ke3 Kd7 47. Kf3
Ke6 48. Kf4 Kd7 49. Ke3 Ke6 50. Bg7 Kf5 51. Kf3 Nd8 52. Bh8 Ne6 53. Bd4 Nc7 54.
b4 Nb5 55. Bh8 Na3 56. Bg7 Nb1 57. Bd4 Nd2+ 58. Ke3 Nc4+ 59. Kf3 Na3 60. Bf2
Nb5 61. Be1 d4 62. cxd4 Nxd4+ 63. Kg3 Ne6 64. Bd2 Nc7 65. Kf3 Ne6 66. Be3 Ke5
67. Kg3 Ke4 68. Bd2 Nd4 69. Kh3 Kf3 70. h5 Ne6 71. hxg6 hxg6 72. Kh4 Nf4 73.
Bc1 Nd3 74. Bd2 Ne5 75. Kh3 Nd7 76. Be1 Nf8 77. Bc3 Ne6 78. Kh4 Ke4 79. Kg4 Kd3
80. Be1 Ke2 81. Bg3 Kd3 82. Be1 Ke2 83. Bh4 Kd2 84. Kf3 Kc3 85. Be1+ Kc4 86.
Kg4 Nd4 87. Kf4 Nc2 88. Bd2 Nxb4 89. Ke5 Nd5 90. Ke6 Kxc5 91. Kf7 Kd4 92. Kxg6
c5 93. Kf7 c4 94. g6 1-0

[Event "?"]
[Site "ICC u 5 0 09/17/97, Internet "]
[Date "1997.??.??"]
[Round "?"]
[White "Brause"]
[Black "JuJu-Man"]
[Result "1-0"]
[WhiteElo "2575"]
[BlackElo "2690"]
[PlyCount "65"]

1. e4 e5 2. Nf3 Nc6 3. Nc3 Nf6 4. Nxe5 Nxe5 5. d4 Ng6 6. e5 d6 7. exf6 Qxf6 8.
Qe2+ Qe7 9. Nd5 Qxe2+ 10. Bxe2 Kd8 11. Bd2 c6 12. Ne3 Be7 13. O-O f5 14. f4 Bf6
15. c3 Bd7 16. d5 c5 17. Bd3 Ne7 18. Rae1 g6 19. Re2 b5 20. Be1 Kc7 21. Bd2
Rhe8 22. Rfe1 a6 23. a3 c4 24. Bc2 Kb6 25. Bc1 a5 26. Rd1 a4 27. Bd2 Bc8 28.
Be1 Bb7 29. Bf2 Kc7 30. Bg3 Bg7 31. Bh4 Ng8 32. Rde1 Kd7 33. Nxc4 1-0

[Event "?"]
[Site "ICC u 5 0 09/17/97, Internet "]
[Date "1997.??.??"]
[Round "?"]
[White "Brause"]
[Black "JuJu-Man"]
[Result "1-0"]
[WhiteElo "2575"]
[BlackElo "2690"]
[PlyCount "37"]

1. e4 e5 2. Nf3 Nc6 3. Nc3 Nf6 4. Nxe5 Nxe5 5. d4 Ng6 6. e5 Ng8 7. Bc4 d6 8.
Qf3 Qd7 9. O-O c6 10. exd6 Bxd6 11. Re1+ Kf8 12. Ne4 Bc7 13. Ng5 Qf5 14. Nxf7
Qxf3 15. gxf3 Nf6 16. b3 c5 17. Ba3 Nd7 18. Nxh8 Nxh8 19. dxc5 1-0

[Event "?"]
[Site "ICC u 5 0 09/17/97, Internet "]
[Date "1997.??.??"]
[Round "?"]
[White "Brause"]
[Black "JuJu-Man"]
[Result "1-0"]
[WhiteElo "2585"]
[BlackElo "2690"]
[PlyCount "31"]

1. e4 e5 2. Nf3 Nc6 3. Nc3 Nf6 4. Nxe5 Nxe5 5. d4 Nc6 6. d5 Ne5 7. f4 Ng6 8. e5
Ng8 9. d6 c6 10. g3 Nh6 11. Bd3 b6 12. O-O Bb7 13. Qe2 Rg8 14. f5 Nh8 15. Ne4
Qc8 16. Bxh6 1-0

[Event "?"]
[Site "ICC u 5 5 09/23/97, Internet "]
[Date "1997.??.??"]
[Round "?"]
[White "Brause"]
[Black "sveshi"]
[Result "0-1"]
[WhiteElo "2535"]
[BlackElo "2595"]
[PlyCount "74"]

1. e4 e5 2. Nf3 Nc6 3. Nc3 Nf6 4. Nxe5 Nxe5 5. d4 Ng6 6. e5 Ng8 7. Bc4 Bb4 8.
Qf3 Qe7 9. O-O Bxc3 10. bxc3 Nh6 11. g3 O-O 12. Qh5 d6 13. Bxh6 gxh6 14. f4
dxe5 15. f5 Qg5 16. Qxg5 hxg5 17. fxg6 hxg6 18. Rxf7 Rxf7 19. Rf1 Bf5 20. g4
Kg7 21. Bxf7 Kxf7 22. gxf5 e4 23. a4 Rd8 24. fxg6+ Kxg6 25. Rb1 b6 26. a5 Rf8
27. Re1 Rf4 28. axb6 axb6 29. Kg2 Kf5 30. Re3 g4 31. Re2 Rf3 32. Rf2 Kf4 33.
Rf1 Rxf1 34. Kxf1 Ke3 35. Ke1 b5 36. d5 Kf3 37. Kf1 e3 0-1

[Event "?"]
[Site "ICC u 5 5 09/23/97, Internet "]
[Date "1997.??.??"]
[Round "?"]
[White "Brause"]
[Black "sveshi"]
[Result "0-1"]
[WhiteElo "2535"]
[BlackElo "2595"]
[PlyCount "106"]

1. e4 e5 2. Nf3 Nc6 3. Nc3 Nf6 4. Nxe5 Nxe5 5. d4 Ng6 6. e5 Ng8 7. Bc4 Bb4 8.
Qf3 Qe7 9. O-O Bxc3 10. bxc3 Nh6 11. g3 O-O 12. Qh5 d6 13. Bxh6 gxh6 14. f4
dxe5 15. f5 Qg5 16. Qxg5 hxg5 17. fxg6 hxg6 18. Rae1 exd4 19. cxd4 Be6 20. Bxe6
fxe6 21. Rxf8+ Kxf8 22. Rxe6 Kf7 23. Re5 Rd8 24. c3 Kf6 25. Kg2 Rd6 26. Rb5 b6
27. Kf3 Rc6 28. Rb3 Rc4 29. Ke4 Ke6 30. h3 Ra4 31. Rb2 c6 32. Re2 b5 33. Kd3+
Kf6 34. Rc2 Ke6 35. g4 Ra3 36. Ke4 Ra4 37. Re2 Kf6 38. Kd3 Ra3 39. Rf2+ Ke6 40.
Rc2 b4 41. Kc4 Rxc3+ 42. Rxc3 bxc3 43. Kxc3 Kd5 44. Kd3 a6 45. Ke3 Kc4 46. Ke4
a5 47. Ke5 a4 48. a3 Kc3 49. Ke4 Kb3 50. Kd3 Kxa3 51. Kc2 Kb4 52. Kb2 Kc4 53.
Ka3 Kxd4 0-1

[Event "?"]
[Site "ICS Rated Standard match, 164"]
[Date "1997.??.??"]
[Round "?"]
[White "Brause"]
[Black "LightViolet"]
[Result "1-0"]
[WhiteElo "2210"]
[BlackElo "2530"]
[PlyCount "137"]

1. e4 e5 2. Nf3 Nc6 3. Nc3 Nf6 4. Nxe5 Nxe5 5. d4 Nc6 6. d5 Nb8 7. e5 Ng8 8. d6
c6 9. Bc4 Qh4 10. Bb3 Na6 11. Qf3 f6 12. Ne4 Nc5 13. Nxc5 Qb4+ 14. Qc3 Qxc3+
15. bxc3 fxe5 16. Ne4 Nf6 17. Ng5 h6 18. Nf7 Rh7 19. Ba3 e4 20. Ne5 g5 21. O-O
b6 22. f3 Ba6 23. fxe4 Bxf1 24. Rxf1 Nxe4 25. Nf7 Bg7 26. Re1 Kf8 27. Rxe4 Re8
28. Re7 Rxe7 29. dxe7+ Ke8 30. Nd6+ Kxe7 31. Bg8 Rh8 32. Nf7+ c5 33. Nxh8 Bxh8
34. c4 Bd4+ 35. Kf1 h5 36. Bc1 Kf6 37. Ke2 Be5 38. g3 Kf5 39. Bh7+ Kf6 40. Kf3
d6 41. Be3 Kg7 42. Bd3 Kf6 43. Ke4 Kg6 44. Kd5+ Kf6 45. Be2 h4 46. Bf2 Kf5 47.
gxh4 Bxh2 48. hxg5 Kxg5 49. Kc6 Be5 50. Kb7 a5 51. a4 Kf5 52. Kxb6 Bc3 53. Bg3
Ke4 54. Bxd6 Ke3 55. Bd3 Kd2 56. Kxc5 Ke3 57. Kb5 Kd4 58. c5 Bb4 59. Bg3 Ke3
60. c6 Kf3 61. Bb8 Kf2 62. c7 Bd6 63. c8=Q Bxb8 64. Qxb8 Ke3 65. Qg3+ Kd2 66.
Kc4 Kc1 67. Kc3 Kb1 68. Bc4 Ka1 69. Qg1# 1-0

[Event "?"]
[Site "ICS Rated Standard match, 164"]
[Date "1997.??.??"]
[Round "?"]
[White "Brause"]
[Black "CyberKing"]
[Result "0-1"]
[WhiteElo "2230"]
[BlackElo "2275"]
[PlyCount "129"]

1. e4 e5 2. Nf3 Nc6 3. Nc3 Nf6 4. Nxe5 Nxe5 5. d4 Nc6 6. d5 Ne5 7. f4 Ng6 8. e5
Ng8 9. d6 a6 10. h4 cxd6 11. exd6 Qf6 12. Qe2+ Qe6 13. Qxe6+ dxe6 14. h5 Bxd6
15. hxg6 fxg6 16. Be3 Nf6 17. O-O-O Bb4 18. Bd4 Bd7 19. Bc4 O-O-O 20. Ne2 Rde8
21. c3 Ba5 22. Rhe1 Bc7 23. Rf1 e5 24. fxe5 Bxe5 25. Bxe5 Rxe5 26. Nd4 Bg4 27.
Rd2 Rhe8 28. Rdf2 Re1+ 29. Rxe1 Rxe1+ 30. Kd2 Re5 31. Kd3 Kc7 32. b4 Bd7 33.
Re2 Rxe2 34. Kxe2 Kd6 35. Kd2 Ke5 36. Be2 Ne4+ 37. Kd3 g5 38. c4 g4 39. c5 Nf6
40. a3 Kf4 41. Kd2 Ke5 42. Nc2 h5 43. Ne1 h4 44. Bf1 h3 45. gxh3 gxh3 46. Nd3+
Kd4 47. Ne1 Ne4+ 48. Kc2 Bg4 49. Kb2 Ke3 50. Kc2 Ng3 51. Bxh3 Bxh3 52. Kb2 Bf5
53. Kb3 Kf2 54. Nc2 Bxc2+ 55. Kxc2 g5 56. a4 Ne4 57. c6 bxc6 58. Kd3 Kf3 59.
Kd4 g4 60. Ke5 g3 61. Kd4 g2 62. Kd3 g1=Q 63. Kc2 Qd4 64. Kb3 Qc3+ 65. Ka2 0-1

[Event "?"]
[Site "ICS Rated standard match, 192"]
[Date "1997.??.??"]
[Round "?"]
[White "Brause"]
[Black "LOOSEBRUCE"]
[Result "1-0"]
[WhiteElo "2360"]
[BlackElo "2320"]
[PlyCount "51"]

1. e4 e5 2. Nf3 Nc6 3. Nc3 Nf6 4. Nxe5 Nxe5 5. d4 Ng6 6. e5 Ng8 7. Bc4 d6 8.
Qf3 Qd7 9. O-O dxe5 10. dxe5 Nxe5 11. Re1 Bd6 12. Bf4 f6 13. Bb5 c6 14. Rad1
Qe6 15. Qg3 Kf8 16. Bxe5 Bxe5 17. f4 cxb5 18. fxe5 Qb6+ 19. Re3 Bf5 20. Rd6 Qc5
21. Rd5 Qc8 22. Qf4 Ne7 23. exf6 Nxd5 24. Nxd5 Qc5 25. Qe5 g6 26. b4 1-0

[Event "?"]
[Site "ICS Rated Lightning match, 13"]
[Date "1997.??.??"]
[Round "?"]
[White "Brause"]
[Black "struppi"]
[Result "1/2-1/2"]
[WhiteElo "2150"]
[BlackElo "1950"]
[PlyCount "117"]

1. e4 e5 2. Nf3 Nc6 3. Nc3 Nf6 4. Nxe5 Nxe5 5. d4 Ng6 6. e5 Ng8 7. Bc4 d6 8.
Qf3 f6 9. O-O dxe5 10. dxe5 Nxe5 11. Qe4 Ne7 12. Rd1 Bd7 13. Be6 Qc8 14. Rxd7
Nxd7 15. Be3 Nc6 16. Rd1 Bd6 17. Nb5 Ke7 18. Bh3+ Kf8 19. Nxd6 cxd6 20. Rxd6
Qe8 21. Qxe8+ Kxe8 22. Bxd7+ Ke7 23. Bc5 Rad8 24. Rd4+ Kf7 25. Bxc6 Rxd4 26.
Bxd4 bxc6 27. f3 a6 28. Kf2 Re8 29. a4 f5 30. b4 g6 31. g3 Ke6 32. Ke3 Kd5+ 33.
Kd3 Re1 34. c4+ Kd6 35. b5 axb5 36. cxb5 cxb5 37. axb5 Rb1 38. Kc4 Rh1 39. Bc5+
Kc7 40. Ba7 Rxh2 41. Bd4 Rh3 42. Kc5 Kb7 43. Be5 h5 44. Kd5 Kb6 45. Kc4 h4 46.
gxh4 Rxh4+ 47. Bd4+ Kb7 48. Kd3 Rh1 49. f4 Rb1 50. Kc4 Kc7 51. Be3 Kd6 52. Bc5+
Kd7 53. Bf2 Rf1 54. Be3 Rf3 55. Kd4 Kc7 56. Bd2 Kb6 57. Kc4 Rg3 58. Bc3 Rf3 59.
Bd4+ 1/2-1/2

[Event "?"]
[Site "ICS Rated Lightning match, 13"]
[Date "1997.??.??"]
[Round "?"]
[White "Brause"]
[Black "Jordan"]
[Result "1-0"]
[WhiteElo "2150"]
[BlackElo "1845"]
[PlyCount "55"]

1. e4 e5 2. Nf3 Nc6 3. Nc3 Nf6 4. Nxe5 Nxe5 5. d4 Nc6 6. d5 Nb8 7. e5 Ng8 8. d6
Nc6 9. Nb5 cxd6 10. exd6 Qa5+ 11. Bd2 Qb6 12. Nc7+ Kd8 13. Nxa8 Qxb2 14. Bc4
Bxd6 15. O-O Nf6 16. Re1 b6 17. Bg5 Bc7 18. Nxc7 Kxc7 19. Bf4+ Kb7 20. Bxf7 Rf8
21. Qd6 Rxf7 22. Qc7+ Ka6 23. Qxc8+ Ka5 24. Bd2+ Ka4 25. Qa6+ Na5 26. Reb1 Qe5
27. Rb4+ Ka3 28. Qd3+ 1-0

[Event "?"]
[Site "ICS Rated Lightning match, 13"]
[Date "1997.??.??"]
[Round "?"]
[White "Brause"]
[Black "Wildsau"]
[Result "0-1"]
[WhiteElo "2190"]
[BlackElo "2380"]
[PlyCount "134"]

1. e4 e5 2. Nf3 Nc6 3. Nc3 Nf6 4. Nxe5 Nxe5 5. d4 Ng6 6. e5 Ng8 7. Bc4 d6 8.
Qf3 Qd7 9. O-O dxe5 10. dxe5 c6 11. Re1 Qc7 12. Bg5 Be6 13. Bxe6 fxe6 14. Rad1
Be7 15. Bxe7 N8xe7 16. Rd6 Nxe5 17. Qh5+ N5g6 18. Rdxe6 O-O-O 19. Qc5 b6 20.
Qc4 Kb8 21. Ne4 Qf4 22. Qc3 Rhg8 23. Ng3 Rgf8 24. f3 Rf7 25. Qb3 Qd4+ 26. Kh1
Qd2 27. R6e2 Qd5 28. c4 Qd3 29. Qb4 Nf5 30. Ne4 Re7 31. a4 c5 32. Qc3 Qxc3 33.
bxc3 Nf4 34. Ra2 Red7 35. a5 Rd1 36. Ra1 Rxe1+ 37. Rxe1 bxa5 38. Nxc5 Rd2 39.
g3 Ne2 40. Rb1+ Kc8 41. Nb3 Ra2 42. Ra1 Rxa1+ 43. Nxa1 Ne3 44. c5 a4 45. c6 Kc7
46. h4 Kxc6 47. h5 Nxg3+ 48. Kh2 Nxh5 49. Kh3 a5 50. Kh4 Nf4 51. Kg3 Nd3 52. c4
Kc5 53. f4 Kxc4 54. Kf3 Kd4 55. f5 Nb4 56. f6 gxf6 57. Kf2 Nbc2 58. Nxc2+ Nxc2
59. Ke2 Kc3 60. Kf3 Kd3 61. Kf4 Ne3 62. Kg3 a3 63. Kh4 a2 64. Kh5 a1=Q 65. Kh4
Qh1+ 66. Kg3 Qg2+ 67. Kh4 Qh2# 0-1

[Event "?"]
[Site "ICS Rated Lightning match, 13"]
[Date "1997.??.??"]
[Round "?"]
[White "Brause"]
[Black "Wildsau"]
[Result "1-0"]
[WhiteElo "2215"]
[BlackElo "2360"]
[PlyCount "57"]

1. e4 e5 2. Nf3 Nf6 3. Nc3 Nc6 4. Nxe5 Nxe5 5. d4 Nc6 6. d5 Na5 7. e5 Qe7 8.
Qe2 Ng8 9. d6 Qh4 10. Nd5 Rb8 11. g3 Qd4 12. Nxc7+ Kd8 13. Bg5+ Be7 14. dxe7+
Nxe7 15. Bxe7+ Kxe7 16. Bg2 Qxb2 17. O-O Nc6 18. Qd2 Kf8 19. Rfe1 Qd4 20. Rad1
Qb2 21. Qd6+ Kg8 22. Nd5 Ra8 23. Nf6+ gxf6 24. exf6 Ne5 25. Rxe5 Qxe5 26. Qxe5
h5 27. Qe8+ Kh7 28. Qxf7+ Kh6 29. Qg7# 1-0